000 00814nam a2200181 i 4500
001 189619
003 ES-MaACL
005 20230906223520.0
008 190703q1863 fr |||| | fre d
100 1 _aBeguyer de Chancourtois, Alexandre-Emile.
_927043
245 1 0 _aApplication du réseau pentagonal a la coordination des sources de pétrole et des dépots bitumineux /
_c[E.B. de Chancourtois].
260 _a[Paris :
_bs.n.,
_c1863]
300 _a20 p. ;
_c27 cm.
594 _aAutor y fecha tomados de p. 4 y p. 11.
650 4 _aProyección cartográfica.
_9154258
650 4 _aPetroleo-
_xGeología.
_9147559
852 _aES-MaACL
_jL-32451(5)
_z- Enc. cart.
_z. - Legado Federico de Botella y de Hornos
_z- Enc. en un vol. facticio, con tít. en el lomo de: Rapport sur les progrés de la stratigraphie
999 _c189619
_d189619